[Event "Galatasaray Blitz Chess Tournament"]
[Site "Istanbul"]
[Date "2019.03.24"]
[Round "8.1"]
[White "Gokerkan, Cem Kaan"]
[Black "Ozturk, Kubra"]
[Result "1-0"]
[WhiteElo "2419"]
[BlackElo "2344"]
[Annotator "TA"]
[PlyCount "69"]
[EventDate "2019.03.24"]
[EventType "swiss"]
[EventCountry "TUR"]
[SourceTitle "playchess.com"]
[Source "ChessBase"]
[SourceQuality "1"]

{[%evp 17,69,-13,23,9,58,39,38,33,37,40,43,31,47,-25,0,-3,0,9,8,-20,-17,-19,-11,-16,-8,-27,-11,-97,-9,-28,-31,-37,41,56,57,62,65,0,10,-12,76,79,194,137,144,146,291,258,391,393,381,358,1164,1072]} 1. e4 e5 2. Nc3 Nf6 3. g3 Bc5 4. Bg2 d6 5. Nge2 a6 6. O-O Nc6 7. h3 h6 8. d3 O-O 9. Kh2 Nh7 10. f4 {C26: Vienna Game: 2...Nf6, sidelines} exf4 (10... f5 11. fxe5 dxe5 12. Bd2 Be6 13. exf5 Bxf5 14. Nc1 Be6 15. Nb3 Bb6 16. Qe2 Qd6 17. Ne4 Qe7 {½-½ (50) Andreikin,D (2712)-Saraci,N (2385) Ohrid 2017}) 11. Bxf4 Nd4 12. Qd2 $146 {White is slightly better.} ({Predecessor:} 12. Nxd4 Bxd4 13. Qd2 c6 14. Rae1 Be6 15. b3 Qa5 16. Ne2 Qxd2 17. Bxd2 Bb6 {½-½ (53) Svancara,P (2169)-Belka,L (2000) Czechia 2010}) 12... Be6 13. Rae1 c6 14. b4 Ba7 15. e5 (15. a4 $14) 15... d5 16. Nxd4 Bxd4 17. Ne2 Bb6 18. g4 a5 19. a3 axb4 20. axb4 Qe7 21. Ng3 Ra4 22. b5 (22. c3 $11) 22... Rfa8 ({Much weaker is} 22... cxb5 23. Rb1 $11) (22... Ba5 $17 23. c3 cxb5) 23. bxc6 bxc6 24. Nf5 Bxf5 ({Black should play} 24... Qd7 $15) 25. gxf5 $14 Ba5 26. c3 Ra3 27. f6 ({Better is} 27. Rc1 $1 $14) 27... Qe6 28. Rc1 d4 (28... Bc7 $11 {remains equal.} 29. fxg7 Bxe5) 29. fxg7 $16 Bxc3 (29... Ra2 $16 {was worth a try.} 30. Qd1 Qg6) 30. Qf2 $36 {[%mdl 2048] White is on the roll.} (30. Qd1 $18) 30... Ra2 31. Qg3 Rb2 (31... Bd2 $16) 32. Rb1 Raa2 (32... Re2 $142 33. Kg1 Re3 34. Bxe3 dxe3) 33. Rxb2 $18 Rxb2 34. Kh1 Qa2 $2 {[#]} (34... Bd2 35. Bxd2 Rxd2) 35. Be4 {Accuracy: White = 62%, Black = 27%.} 1-0

[Event "Galatasaray Blitz Chess Tournament"]
[Site "Istanbul"]
[Date "2019.03.24"]
[Round "8.2"]
[White "Gulbas, Cemil"]
[Black "Aghamaliyev, Cemil"]
[Result "1/2-1/2"]
[WhiteElo "2404"]
[BlackElo "2493"]
[Annotator "TA"]
[PlyCount "75"]
[EventDate "2019.03.24"]
[EventType "swiss"]
[EventCountry "TUR"]
[SourceTitle "playchess.com"]
[Source "ChessBase"]
[SourceQuality "1"]

{[%evp 9,75,-51,-51,-64,-67,-68,-39,-91,-58,-119,-127,-129,-61,-117,-78,-89,-75,-121,-81,-109,-48,-119,-112,-136,-124,-105,-75,-141,-97,-137,-150,-325,-88,-89,0,0,0,0,0,0,0,0,0,0,0,0,0,0,17,12,14,8,18,12,22,0,30,30,45,0,11,0,0,0,19,0,0,0]} 1. d4 Nf6 2. Nc3 d5 3. Bg5 Nbd7 4. f3 c6 5. Qd2 h6 6. Bh4 {D01: Veresov Opening} e5 7. e3 $146 (7. dxe5 Nxe5 8. e4 Nxe4 9. fxe4 Qxh4+ 10. g3 Qe7 11. O-O-O Bg4 12. Re1 d4 13. Qxd4 Qc5 14. Qxc5 Bxc5 {0-1 (53) Pogromsky,M (2416)-Triapishko,A (2508) Sochi 2017}) 7... Be7 8. Nge2 (8. dxe5 $15 Nxe5 9. Bg3) 8... O-O 9. Bf2 (9. dxe5 $15 Nxe5 10. Nd4) 9... Re8 $17 10. h4 exd4 (10... b5 $17 11. a3 Bd6) 11. exd4 (11. Nxd4 $15 Ne5 12. O-O-O) 11... Nb6 12. b3 Ba3 13. Kd1 Qe7 14. Nf4 a5 (14... Qc7 $17 15. Nce2 Bf5) 15. Nd3 (15. Bd3 $15) 15... a4 16. Be2 h5 17. Re1 Bf5 18. Nf4 (18. Rb1 $142) 18... Qb4 {aiming for ...Bb2.} 19. Rb1 {[#]} Qa5 $1 {And now ...Bb4 would win.} 20. Nxa4 $2 (20. Bd3 $17 axb3 21. Rxe8+ Rxe8 22. cxb3 (22. Bxf5 $2 Nc4 $19)) 20... Nxa4 $2 (20... Bb4 $19 {is more deadly.} 21. c3 Bd6) 21. Qxa5 Nb2+ ({Black should play} 21... Rxa5 $17 22. bxa4 Bc8) 22. Rxb2 $1 $11 Rxa5 23. Rb1 $1 Bb4 24. Bd3 Bxe1 25. Bxe1 {[#]} Rxe1+ $1 {[%mdl 512]} 26. Kxe1 Bxd3 27. Nxd3 Rxa2 {[%mdl 4096] Endgame KRN-KRN} 28. Kd2 Nd7 29. Re1 {Re8+ is the strong threat.} Kf8 30. Nf4 g6 31. Nd3 Ra8 32. Rg1 Re8 33. Ra1 Rb8 34. Re1 Ra8 {The position is equal.} 35. Nf4 Nf6 36. Nd3 Nd7 37. Nf4 Nf6 38. Nd3 {Accuracy: White = 28%, Black = 40%.} 1/2-1/2

[Event "Galatasaray Blitz Chess Tournament"]
[Site "Istanbul"]
[Date "2019.03.24"]
[Round "8.3"]
[White "Tuncer, Tuna"]
[Black "Dastan, Muhammed Batuhan"]
[Result "0-1"]
[WhiteElo "2371"]
[BlackElo "2561"]
[Annotator "TA"]
[PlyCount "90"]
[EventDate "2019.03.24"]
[EventType "swiss"]
[EventCountry "TUR"]
[SourceTitle "playchess.com"]
[Source "ChessBase"]
[SourceQuality "1"]

{[%evp 24,90,0,0,0,0,49,50,87,83,113,110,122,102,205,192,189,186,185,206,231,248,404,420,403,367,962,950,1045,972,955,964,1022,753,823,739,862,744,1964,1938,1719,1224,6829,857,881,616,784,831,807,602,545,220,572,574,546,537,745,716,754,-277,-243,-437,-229,-575,-543,-29992,-29993,-29993,-29994]} 1. e4 c5 2. Nf3 d6 3. d4 Nf6 4. Nc3 cxd4 5. Nxd4 a6 6. Be2 e5 7. Nb3 Be7 8. Be3 Be6 9. O-O O-O 10. Qd3 Nbd7 11. Nd5 Bxd5 12. exd5 Rc8 13. c4 Ne8 {B92: Sicilian Najdorf: 6 Be2} 14. Qd2 (14. f3 g6 15. Kh1 Ng7 16. Bg1 Bg5 17. Rad1 h5 18. Nd2 f5 19. b4 h4 20. c5 dxc5 21. d6 cxb4 {1-0 (45) Karjakin,S (2782)-Grischuk,A (2766) Paris 2018}) 14... h6 15. Na5 Qc7 $146 {White is slightly better.} ({Predecessor:} 15... Rb8 16. b4 Bg5 17. Rfd1 Bxe3 18. Qxe3 Ndf6 19. Rac1 Nc7 20. a3 Qd7 21. Bd3 {1-0 (29) Lizorkina,V (2032)-Moreira,J (1750) LSS email 2011}) 16. b4 f5 {[#]} 17. f3 $1 Nef6 18. Rac1 g5 (18... Rce8 $16) 19. Rfd1 $18 f4 20. Bf2 e4 {next ...e3 is good for Black.} 21. Bd4 Rcd8 22. fxe4 Ne5 $2 (22... Rde8 23. Qd3 Rf7) 23. Bxe5 dxe5 24. c5 Nxe4 $2 (24... b6 25. d6 {[%mdl 64] Double Attack} (25. Bxa6 bxa5 26. a3 Qb8 $11) 25... bxa5 26. dxc7 Rxd2 27. Rxd2 Rc8 28. Bxa6 Rxc7) 25. Qd3 Nf6 26. d6 Bxd6 27. cxd6 Qb6+ 28. Kh1 {Black must now prevent Qg6+.} e4 29. Qb3+ Kh8 30. Qh3 Kg7 31. Rc7+ Kg6 32. Rxb7 Qf2 33. Bg4 {[%csl Gh3][%cal Rg4f5]} h5 34. Bf5+ Kh6 {...e3 is the strong threat.} 35. Qc3 {White threatens Qxf6+! and mate.} g4 36. Qc7 {[%csl Gb7][%cal Rc7g7]} Kg5 37. Be6 (37. Qc1 $142 Qe3 38. Rd2 (38. Qxe3 fxe3 39. Nc4 e2 $14) 38... Rxd6 39. Nc4 {[%mdl 64] Double Attack} Rxd2 40. Nxe3 fxe3 41. Be6) 37... f3 $2 (37... e3 {is a better chance.} 38. Qc5+ Kh6) 38. Qc5+ Qxc5 39. bxc5 e3 {Threatens to win with ...Ne4.} 40. gxf3 gxf3 41. Rb3 $4 {[%mdl 8192] [#]} (41. Rg7+ $18 {is the narrow road to win.} Kh6 42. Rdg1) 41... e2 $1 $40 {[%cal Re2d1][%mdl 128] Black has strong attack.} 42. Rg1+ $2 (42. Re1 {only move.} f2 43. Rbb1 fxe1=N 44. Rxe1) 42... Ng4 (42... Kf4 $142 43. Rb4+ Ne4) 43. Bxg4 $2 (43. Rbb1 {nothing else works.} f2 44. Bc4) 43... hxg4 44. h3 f2 45. Rxg4+ Kh5 {Accuracy: White = 53%, Black = 18%.} 0-1

[Event "Galatasaray Blitz Chess Tournament"]
[Site "Istanbul"]
[Date "2019.03.24"]
[Round "8.4"]
[White "Yurtseven, Melih"]
[Black "Ozer, Omer Faruk"]
[Result "1/2-1/2"]
[WhiteElo "2390"]
[BlackElo "2369"]
[Annotator "ChessBase"]
[PlyCount "135"]
[EventDate "2019.03.24"]
[EventType "swiss"]
[EventCountry "TUR"]
[SourceTitle "playchess.com"]
[Source "ChessBase"]
[SourceQuality "1"]
[TimeControl "300+3"]

1. Nf3 d6 {[%emt 0:00:00]} 2. e4 {[%emt 0:00:02]} g6 {[%emt 0:00:34]} 3. d4 {[%emt 0:00:01]} Bg7 {[%emt 0:00:00]} 4. Bc4 {[%emt 0:00:02]} a6 {[%emt 0:00:09]} 5. h3 {[%emt 0:00:23]} e6 {[%emt 0:00:03]} 6. Bd3 {[%emt 0:00:02]} Nd7 {[%emt 0:00:12]} 7. Bg5 {[%emt 0:00:06]} Ne7 {[%emt 0:00:03]} 8. Qd2 {[%emt 0:00:03]} h6 {[%emt 0:00:03]} 9. Be3 {[%emt 0:00:03]} c5 {[%emt 0:00:20]} 10. c3 {[%emt 0:00:01]} b5 {[%emt 0:00:15]} 11. a4 {[%emt 0:00:04]} c4 {[%emt 0:00:00]} 12. Bc2 {[%emt 0:00:05]} Bb7 {[%emt 0:00:01]} 13. Na3 {[%emt 0:00:02]} Nf6 {[%emt 0:00:06]} 14. axb5 {[%emt 0:00:24]} axb5 {[%emt 0:00:06]} 15. Qc1 {[%emt 0:00:12]} Nxe4 {[%emt 0:00:28]} 16. Nxb5 {[%emt 0:00:05]} Rxa1 {[%emt 0:00:02]} 17. Qxa1 {[%emt 0:00:01]} O-O {[%emt 0:00:09]} 18. Qa7 {[%emt 0:00:10]} Bc6 {[%emt 0:00:29]} 19. Na3 {[%emt 0:00:10]} Nf5 {[%emt 0:00:06]} 20. Nxc4 {[%emt 0:00:33]} Nf6 {[%emt 0:00:35]} 21. Ncd2 {[%emt 0:01:37]} Nd5 {[%emt 0:00:03]} 22. Nf1 {[%emt 0:00:20]} Bb5 {[%emt 0:00:14]} 23. Bxf5 {[%emt 0:00:31]} exf5 {[%emt 0:00:03]} 24. Qa2 {[%emt 0:00:02]} Qa8 {[%emt 0:00:11]} 25. Qxa8 {[%emt 0:00:50]} Rxa8 {[%emt 0:00:02]} 26. Bc1 {[%emt 0:00:02]} Ra1 {[%emt 0:00:20]} 27. Kd2 {[%emt 0:00:00]} Nf6 {[%emt 0:00:02]} 28. Kc2 {[%emt 0:00:17]} Ne4 {[%emt 0:00:07]} 29. Ng3 {[%emt 0:00:04]} Nxf2 {[%emt 0:00:04]} 30. Rg1 {[%emt 0:00:05]} h5 {[%emt 0:00:27]} 31. h4 {[%emt 0:00:03]} Bd3+ {[%emt 0:00:06]} 32. Kb3 {[%emt 0:00:04]} Ne4 {[%emt 0:00:24]} 33. Bf4 {[%emt 0:00:08]} Ra8 {[%emt 0:00:02]} 34. Nxe4 {[%emt 0:00:03]} fxe4 {[%emt 0:00:04]} 35. Nd2 {[%emt 0:00:03]} d5 {[%emt 0:00:00]} 36. Bd6 {[%emt 0:00:01]} Bh6 {[%emt 0:00:02]} 37. Nf1 {[%emt 0:00:04]} e3 {[%emt 0:00:08]} 38. Ng3 {[%emt 0:00:02]} Re8 {[%emt 0:00:07]} 39. Re1 {[%emt 0:00:03]} f6 {[%emt 0:00:04]} 40. Ne2 {[%emt 0:00:05]} Kf7 {[%emt 0:00:08]} 41. Bf4 {[%emt 0:00:02]} Bf8 {[%emt 0:00:16]} 42. Nc1 {[%emt 0:00:03]} Bc4+ {[%emt 0:00:03]} 43. Kc2 {[%emt 0:00:02]} e2 {[%emt 0:00:11]} 44. Kd2 {[%emt 0:00:03]} Re4 {[%emt 0:00:03]} 45. g3 {[%emt 0:00:01]} Rxd4+ {[%emt 0:00:09]} 46. cxd4 {[%emt 0:00:03]} Bb4+ {[%emt 0:00:01]} 47. Ke3 {[%emt 0:00:01]} Bxe1 {[%emt 0:00:01]} 48. Nxe2 {[%emt 0:00:03]} Ke6 {[%emt 0:00:03]} 49. Nc3 {[%emt 0:00:01]} Kf5 {[%emt 0:00:03]} 50. Kf3 {[%emt 0:00:02]} g5 {[%emt 0:00:00]} 51. hxg5 {[%emt 0:00:01]} fxg5 {[%emt 0:00:00]} 52. Be5 {[%emt 0:00:03]} Bd2 {[%emt 0:00:07]} 53. Kf2 {[%emt 0:00:02]} Bc1 {[%emt 0:00:00]} 54. b4 {[%emt 0:00:14]} Bd2 {[%emt 0:00:01]} 55. Nd1 {[%emt 0:00:04]} Ke4 {[%emt 0:00:04]} 56. Bd6 {[%emt 0:00:02]} Kxd4 {[%emt 0:00:06]} 57. Bc5+ {[%emt 0:00:01]} Ke4 {[%emt 0:00:01]} 58. Ne3 {[%emt 0:00:02]} Bb5 {[%emt 0:00:03]} 59. Nc2 {[%emt 0:00:05]} Bc3 {[%emt 0:00:01]} 60. Na3 {[%emt 0:00:05]} Bc6 {[%emt 0:00:13]} 61. b5 {[%emt 0:00:00]} Bb7 {[%emt 0:00:00]} 62. b6 {[%emt 0:00:02]} h4 {[%emt 0:00:02]} 63. gxh4 {[%emt 0:00:01]} gxh4 {[%emt 0:00:03]} 64. Nb5 {[%emt 0:00:03]} Be5 {[%emt 0:00:03]} 65. Nd6+ {[%emt 0:00:03]} Bxd6 {[%emt 0:00:03]} 66. Bxd6 {[%emt 0:00:03]} d4 {[%emt 0:00:03]} 67. Ke1 {[%emt 0:00:03]} Kf3 {[%emt 0:00:05]} 68. Kd2 {[%emt 0:00:00]} 1/2-1/2

[Event "Galatasaray Blitz Chess Tournament"]
[Site "Istanbul"]
[Date "2019.03.24"]
[Round "8.5"]
[White "Yilmazyerli, Mert"]
[Black "Arat, Ufuk Sezen"]
[Result "0-1"]
[WhiteElo "2425"]
[BlackElo "2368"]
[Annotator "TA"]
[PlyCount "138"]
[EventDate "2019.03.24"]
[EventType "swiss"]
[EventCountry "TUR"]
[SourceTitle "playchess.com"]
[Source "ChessBase"]
[SourceQuality "1"]

{[%evp 11,138,23,12,0,0,0,1,6,9,-7,0,-30,-4,-8,-13,-36,44,-35,-37,-66,-66,-61,-64,-64,-59,-64,-68,-66,-66,-77,-68,-116,-108,-94,-92,-76,-70,-60,42,42,42,42,42,38,41,0,2,0,0,0,0,0,0,-47,-39,-57,-20,-29,-20,-22,-22,-25,-8,-33,-33,-36,-33,-33,-35,-183,-119,-366,-352,-317,-67,-280,-34,-73,-18,-18,0,-111,-118,-111,0,0,0,-908,-925,-416,-858,-804,-682,-784,-660,-1826,-1483,-1684,-1684,-2010,-1879,-1685,-1335,-2861,-2816,-2448,-296,-296,-235,-2595,-2406,-1818,-1147,-2090,-1818,-29974,-29975,-29975,-29976,-29976,-29977,-29971,-29972,-29979,-29980,-29984,-29985,-29989,-29990]} 1. Nf3 Nf6 2. g3 b5 3. Bg2 Bb7 4. Na3 (4. O-O e6 5. d3 Be7 6. e4 d6 7. Nfd2 e5 8. a4 a6 9. Nc3 c6 10. f4 Nbd7 11. Nf3 O-O 12. h3 Qc7 13. g4 Ne8 14. Ne2 exf4 15. Bxf4 {0-1 (45) Grischuk,A (2771)-Maghsoodloo,P (2688) St Petersburg 2018}) 4... b4 5. Nc4 c5 6. O-O {A05: Réti Opening: 1 Nf3 Nf6} e6 {LiveBook: 5 Games} 7. d3 d5 8. Nce5 {Hoping for Ng5.The position is equal.} Bd6 9. c4 O-O 10. cxd5 $146 ({Predecessor:} 10. d4 Nbd7 11. Bf4 Nb6 12. dxc5 Bxc5 {½-½ (31) Ererdem,G (2137)-Arat,U (2361) Antalya 2019}) 10... exd5 11. d4 Qc7 12. Bf4 c4 13. Rc1 Ne4 (13... Nbd7 $15) 14. Ne1 (14. Nh4 $14) 14... f5 $15 15. N5d3 Nc6 16. Bxd6 Qxd6 {[#]} 17. Nc5 $1 {[%mdl 512]} Bc8 (17... Nxc5 18. dxc5) 18. Nc2 a5 19. Ne3 Ne7 20. Qc2 Be6 21. Rfd1 Nxc5 (21... Rae8 {is more complex.} 22. Nxe6 Qxe6 23. Bxe4 fxe4 24. Rf1 Nf5) 22. dxc5 Qxc5 {Threatens to win with ...f4.} 23. Qd2 {[%cal Re3d5]} Rac8 24. Nxd5 Nxd5 (24... Rfd8 $15 25. e4 fxe4 26. Nxe7+ Qxe7) 25. Bxd5 $14 Bxd5 26. Qxd5+ Kh8 27. e3 h6 28. Kf1 (28. Rd4 {with more complications.} c3 29. bxc3 bxc3 30. Rd3 c2 31. Qb3) 28... Rc7 29. Qxc5 Rxc5 $11 {[%mdl 4096] Endgame KRR-KRR} 30. Ke2 Rfc8 31. Rd2 R8c7 32. e4 fxe4 33. Ke3 Kg8 34. Kxe4 Kf7 35. f4 Ke6 36. g4 $1 R7c6 37. h4 c3 38. bxc3 bxc3 {[%cal Bb4c3,Bc3c2][%mdl 32]} 39. Rd4 c2 40. g5 (40. h5 $15) 40... hxg5 ({Better is} 40... h5 $1 $19 41. Rd8 Rc4+ 42. Ke3 a4 43. Re8+ Kf5 44. Re5+ Kg4) 41. hxg5 $2 (41. fxg5 $17 Rc3 42. Kf4) 41... g6 $19 42. Rd2 Rc4+ $2 (42... Rc3 $1 $19 {...Rc8 is the strong threat.} 43. Rd8 Ra3 44. Re8+ Kd6 45. Rd8+ Ke7) 43. Kd3 $2 (43. Kf3 $1 $15) 43... Rxf4 $2 ({Don't play} 43... Rc3+ 44. Ke4 $17) (43... Kf5 $19 44. Rh2 Rc7) 44. Rdxc2 Rxc2 (44... Rd6+ $17 45. Ke3 Rg4) 45. Rxc2 {KR-KR} Ra4 46. Rc5 (46. Rf2 $11 {remains equal.}) 46... Rxa2 $17 47. Ke4 Re2+ (47... Kd7 $1 $17 48. Kd4 Ra1) 48. Kf4 $11 Rf2+ 49. Ke4 $2 {[%mdl 8192] [#]} (49. Kg4 $11) 49... Rf5 $1 $19 {[%cal Rf5c5]} 50. Rc6+ Kf7 51. Rc7+ Ke8 52. Ra7 Rxg5 53. Kf4 Rb5 54. Ke4 g5 {[%cal Bg6g5,Bg5g4][%mdl 32]} 55. Kf3 Kd8 56. Ke4 Kc8 57. Kd4 g4 58. Rg7 Rb4+ $2 (58... Rb3 59. Ra7 Ra3) 59. Kc5 Rf4 60. Kb5 $2 (60. Kc6 Kd8 61. Kd6 Rd4+ 62. Kc5) 60... a4 {[%cal Ba5a4,Ba4a3,Ba3a2][%mdl 32]} 61. Kc6 Kd8 62. Kd6 {[#]} Ke8 $1 63. Ke6 Kf8 {Black mates.} 64. Rg5 a3 65. Ra5 Rf3 66. Ke5 g3 67. Ke4 Rb3 68. Kf4 g2 69. Rg5 a2 {Precision: White = 36%, Black = 59%.} 0-1

[Event "Galatasaray Blitz Chess Tournament"]
[Site "Istanbul"]
[Date "2019.03.24"]
[Round "9.1"]
[White "Arat, Ufuk Sezen"]
[Black "Gokerkan, Cem Kaan"]
[Result "1-0"]
[WhiteElo "2368"]
[BlackElo "2419"]
[Annotator "TA"]
[PlyCount "79"]
[EventDate "2019.03.24"]
[EventType "swiss"]
[EventCountry "TUR"]
[SourceTitle "playchess.com"]
[Source "ChessBase"]
[SourceQuality "1"]

{[%evp 17,79,17,36,26,41,27,47,33,25,31,28,28,46,20,43,16,29,21,26,13,87,65,60,66,91,63,64,63,64,71,81,75,67,74,78,73,62,47,54,58,85,83,109,96,98,85,106,0,89,93,129,142,166,170,198,149,241,244,326,242,29972,29973,29994,29995]} 1. d4 Nf6 2. c4 g6 3. Nf3 Bg7 4. g3 O-O 5. Bg2 d6 6. O-O Nbd7 7. Nc3 e5 8. e4 Re8 9. h3 a6 10. Re1 {E67: King's Indian: Fianchetto: 6...Nbd7} (10. Be3 exd4 11. Nxd4 Rb8 12. a4 Nc5 13. Qc2 a5 14. Rad1 Bd7 15. Ndb5 Bxb5 16. cxb5 b6 17. Rfe1 Re6 18. Bxc5 bxc5 19. e5 Qe7 20. exf6 Rxe1+ 21. Kh2 Bxf6 22. Nd5 Qe2 23. Nxf6+ Kg7 24. Rd2 {1-0 (24) Melkumyan,H (2653)-Di Berardino,D (2511) Reykjavik 2016}) 10... Rb8 11. Be3 b5 12. cxb5 {White is slightly better.} axb5 13. dxe5 $146 ({Predecessor:} 13. b4 Bb7 14. d5 Ba6 15. Nd2 Nb6 16. Bf1 Nc4 17. Nxc4 bxc4 {1-0 (43) Wells,J (2018)-Jaunooby,A (2168) Wakefield 2017}) 13... Nxe5 14. Nxe5 dxe5 15. Qc2 c6 16. Ne2 Qc7 17. Nc1 Be6 18. Nd3 Bc4 (18... Bf8 $11 {remains equal.}) 19. b3 Bxd3 20. Qxd3 c5 21. Rac1 Bf8 22. Rc2 Red8 23. Qe2 Rdc8 24. h4 Qa5 25. Rec1 {[%cal Re3c5]} Qa3 26. Bh3 Rc6 27. Bg5 h6 28. Be3 Qb4 29. f3 Rd8 30. Bf1 Rb8 31. Rd1 Qa3 32. Rdc1 Qb4 $1 33. Qd2 Qa3 34. Bxh6 Bxh6 35. Qxh6 c4 36. Qg5 Rbc8 (36... Qc5+ $16 {is a better defense.} 37. Kg2 Rd6) 37. Qxe5 $18 Kg7 38. g4 cxb3 $2 {[#]} (38... Re6 $18 39. Qd4 (39. Qxb5 Qd6 $18) 39... Rd6) 39. Rxc6 b2 40. Qxf6+ {Accuracy: White = 70%, Black = 33%.} 1-0

[Event "Galatasaray Blitz Chess Tournament"]
[Site "Istanbul"]
[Date "2019.03.24"]
[Round "9.2"]
[White "Ozer, Omer Faruk"]
[Black "Yilmazyerli, Mert"]
[Result "1/2-1/2"]
[WhiteElo "2369"]
[BlackElo "2425"]
[Annotator "TA"]
[PlyCount "122"]
[EventDate "2019.03.24"]
[EventType "swiss"]
[EventCountry "TUR"]
[SourceTitle "playchess.com"]
[Source "ChessBase"]
[SourceQuality "1"]

{[%evp 9,121,13,23,11,22,22,26,14,20,19,30,19,37,22,52,50,55,43,50,41,50,64,79,35,48,0,0,9,43,42,88,77,78,77,88,81,95,89,96,50,67,67,67,72,94,47,68,51,84,49,67,43,97,95,179,165,222,183,177,183,153,163,430,477,472,439,433,395,462,368,364,358,356,341,351,336,393,0,0,-8,0,0,0,-7,-7,-7,0,0,0,0,0,0,-10,-10,0,0,0,0,0,0,0,0,0,0,0,0,0,0,0,0,0,0,0,0]} 1. e4 g6 2. d4 Bg7 3. Nc3 d6 4. Bg5 a6 5. Bc4 b5 (5... Nc6 6. Nf3 Bg4 7. h3 Bxf3 8. Qxf3 Nf6 9. O-O-O h6 10. Bh4 O-O 11. e5 Nh7 12. Qe4 dxe5 13. dxe5 {½-½ (132) Sychev,K (2389)-Zontakh,A (2569) St Petersburg 2011}) 6. Bb3 {B06: Modern Defence} Nc6 7. Nge2 Nf6 8. f3 {White has an edge.} O-O $146 ({Predecessor:} 8... Na5 9. Qd3 O-O 10. h4 c5 11. Bd5 Nxd5 12. Nxd5 Nc6 13. c3 {1-0 (32) Gruener,R-Weber,S (2270) Germany 1993}) 9. O-O h6 10. Be3 e5 11. d5 Ne7 12. Qd2 Kh7 13. a4 Bd7 14. axb5 axb5 15. Qd3 b4 16. Nb5 Rb8 17. c4 bxc3 $1 18. Nexc3 Rb7 19. Ra7 Qb8 {[%cal Rd7b5]} 20. Rxb7 Qxb7 21. Ra1 $36 {[%mdl 2048] Keeping Black busy.} Nc8 22. Qc4 Ne8 23. Qa4 f5 24. exf5 gxf5 25. Qa8 Qxa8 26. Rxa8 Bf6 27. Bc2 Kg7 28. Rb8 Bd8 29. Rb7 Ne7 30. f4 e4 ({Black should try} 30... Bxb5 $14 31. Rxb5 e4) 31. b4 $16 {[%cal Bb2b4,Bb4b5][%mdl 32]} h5 (31... Bxb5 $16 {was called for.} 32. Rxb5 Nf6) 32. Bb3 Kf7 (32... Kg6 $142 33. Nd4 Bc8) 33. Nd4 Kg6 34. b5 Nc8 35. Nc6 Bxc6 $2 (35... Bf6) 36. dxc6 $18 ({Less strong is} 36. bxc6 Nf6 $16) 36... Nf6 37. Be6 Ne7 38. b6 Ne8 39. Bd7 {[#] Strongly threatening Rb8.} cxb6 40. Bxe8+ Rxe8 41. c7 Bxc7 42. Rxc7 b5 {Now ...b4 and Black clings on.} 43. Nxb5 $2 (43. Bd4 $18) 43... Nd5 $11 {[%mdl 64] [#] Double Attack. The position is equal.} 44. Nxd6 (44. Rc6 {is interesting.} Nxe3 45. h3 Kh7 46. Rc7+ Kg8 47. Nc3) 44... Nxc7 45. Nxe8 Nxe8 {[%mdl 4096] Endgame KB-KN} 46. Kf2 Nf6 47. h3 Nd5 48. g3 Nxe3 (48... h4 $5 49. Bd4 Kf7 $11) 49. Kxe3 {K3P-K3P} h4 50. Kf2 Kh5 51. Kg2 e3 52. gxh4 Kxh4 (52... e2 $5 53. Kf2 $8 Kxh4 $11) 53. Kf3 Kxh3 54. Kxe3 {KP-KP} Kg3 55. Ke2 Kxf4 {KP-K} 56. Kf2 Kg4 57. Kg2 f4 {[%cal Bf5f4,Bf4f3,Bf3f2][%mdl 32]} 58. Kf2 {[%cal Bg2f2,Bf2f1,Bf1g1][%mdl 32]} f3 59. Kf1 Kg3 {( -> ...f2)} (59... Kh3 $5) 60. Kg1 f2+ 61. Kf1 Kf3 $2 {[%mdl 8192] Accuracy: White = 72%, Black = 45%.} (61... Kg4 62. Kxf2) 1/2-1/2